A ras del suelo

Guardado en:
Bibliografiske detaljer
Hovedforfatter: González, Luisa
Format: Bog
Sprog:Undetermined
Udgivet: San José, Costa Rica Editorial Costa Rica 1978
Udgivelse:6
Fag:
Tags: Tilføj Tag
Ingen Tags, Vær først til at tagge denne postø!

MARC

LEADER 00000nam a2200000Ia 4500
008 170316s9999 xx 000 0 und d
040 |a cru BVZT 
090 |a 868 G-13a 
100 |a González, Luisa 
245 2 |a A ras del suelo 
250 |a 6 
260 |a San José, Costa Rica 
260 |b Editorial Costa Rica 
260 |c 1978 
300 |a 139 páginas 
650 |a LITERATURA COSTARRICENSE 
650 |a NOVELA 
999 |c 11074  |d 11074 
942 |c 15 D  |h 868 G-13a  |2 z